LEADER 02222nam 22007094a 450 001 9910451740203321 005 20200520144314.0 010 $a1-282-26942-9 010 $a9786612269424 010 $a0-299-19273-3 035 $a(CKB)1000000000473459 035 $a(dli)HEB06628 035 $a(SSID)ssj0000169093 035 $a(PQKBManifestationID)11183850 035 $a(PQKBTitleCode)TC0000169093 035 $a(PQKBWorkID)10203127 035 $a(PQKB)10169659 035 $a(MiAaPQ)EBC3444699 035 $a(OCoLC)614457044 035 $a(MdBmJHUP)muse12184 035 $a(Au-PeEL)EBL3444699 035 $a(CaPaEBR)ebr10217054 035 $a(CaONFJC)MIL226942 035 $a(EXLCZ)991000000000473459 100 $a20030327d2003 uy 0 101 0 $aeng 135 $aurmnummmmuuuu 181 $ctxt 182 $cc 183 $acr 200 10$aHasidism on the margin$b[electronic resource] $ereconciliation, antinomianism, and messianism in Izbica/Radzin Hasidism /$fShaul Magid 210 $aMadison, Wisc. $cUniversity of Wisconsin Press$dc2003 215 $a1 online resource (xxvii, 400 p. ) 225 1 $aModern Jewish philosophy and religion. Translations and critical studies 300 $aBibliographic Level Mode of Issuance: Monograph 311 $a0-299-19270-9 320 $aIncludes bibliographical references (p. 367-393) and index. 410 0$aModern Jewish philosophy and religion.$pTranslations and critical studies. 606 $aHasidism 606 $aHasidism$zPoland$zIzbica 606 $aHasidism$zPoland$zRadzyn? Podlaski 606 $aJudaism and philosophy 606 $aAntinomianism 606 $aReconciliation 606 $aMessianism 608 $aElectronic books. 615 0$aHasidism. 615 0$aHasidism 615 0$aHasidism 615 0$aJudaism and philosophy. 615 0$aAntinomianism. 615 0$aReconciliation. 615 0$aMessianism. 676 $a296.8/332 700 $aMagid$b Shaul$f1958-$0978822 801 0$bMiAaPQ 801 1$bMiAaPQ 801 2$bMiAaPQ 906 $aBOOK 912 $a9910451740203321 996 $aHasidism on the margin$92376202 997 $aUNINA